| 000 | 01030cab a2200265 4500 | ||
|---|---|---|---|
| 001 | WB2844-07 | ||
| 008 | 090401t1992 xxu||||| |||| 00| 0 eng d | ||
| 035 | _a(Sirsi) u59527 | ||
| 041 | _aeng | ||
| 245 | _aNatural justice in Lands Tribunal | ||
| 260 | _c1992 | ||
| 350 | _a0 | ||
| 490 |
_aEstates Gazette Case Summaries _v(1992) EGCS 125(2) (7/11/92) |
||
| 520 | _a"Acquilina and another v Havering LBC" CA 26 October 1992. It was held that a breach of natural justice had occurred in procedure, when the LT worked on a basis of valuation, which had not been put forward separately and on which both parties were denied the opportunity to comment. | ||
| 650 | _aBREACHES OF NATURAL JUSTICE | ||
| 650 | _aCOMPENSATION | ||
| 650 |
_aCompulsory purchase _96228 |
||
| 650 | _aDENTAL SURGERY | ||
| 650 | _aDISTURBANCE | ||
| 650 | _aVALUATION BASIS | ||
| 690 | _aENVIRONMENTAL AND LAND CONSULTANCY-PLANNING AND DEVELOPMENT-COMPULSORY PURCHASE AND COMPENSATION | ||
| 690 | _aLAW | ||
| 942 | _n0 | ||
| 948 | _c04/03/1997 | ||
| 999 |
_c36526 _d36526 |
||